[Event "Santiago IRT 2 Escalerilla"]
[Site "Santiago de Chile"]
[Date "2018.07.09"]
[Round "2.6"]
[White "Quiroz Becerra, Tomas Pablo"]
[Black "Duran Serra, Alonso"]
[Result "0-1"]
[WhiteElo "1800"]
[BlackElo "1673"]
[PlyCount "78"]
[EventDate "2018.07.05"]
[EventType "swiss"]
[EventRounds "6"]
[EventCountry "CHI"]
[SourceTitle "EXT 2024"]
[Source "ChessBase"]
[SourceDate "2023.10.10"]
[SourceVersion "1"]
[SourceVersionDate "2023.10.10"]
[SourceQuality "1"]

1. e4 Nf6 2. e5 Nd5 3. Nf3 d6 4. Bc4 c6 5. 0-0 Bg4 6. d4 dxe5 7. dxe5 e6 8. Re1 Be7 9. Nbd2 Nd7 10. h3 Bh5 11. g4 Bg6 12. Ne4 Qc7 13. Ng3 N7b6 14. Bb3 0-0-0 15. Qe2 h5 16. g5 h4 17. Ne4 Nd7 18. c4 Nb4 19. Rd1 Nxe5 20. Bf4 Nxf3+ 21. Qxf3 e5 22. Bh2 f5 23. gxf6 gxf6 24. Rxd8+ Qxd8 25. Rd1 Qf8 26. a3 Na6 27. Kh1 f5 28. Qd3 fxe4 29. Qd7+ Kb8 30. Bxe5+ Ka8 31. Bxh8 Nc5 32. Qg4 Nxb3 33. Rd7 Bf5 34. Bg7 Bxg4 35. Bxf8 Bxd7 36. Bxe7 Bxh3 37. Bxh4 Bg4 38. Bd8 Be6 39. c5 Nxc5 0-1